| 000 | 01125cam a22002054a 4500 | ||
|---|---|---|---|
| 005 | 20250605164209.0 | ||
| 008 | 250528s ||||||||||||||||||||||||d | ||
| 035 | _a20166 | ||
| 020 | _a262030314 | ||
| 040 |
_aGR-AtMCL _bgre _dGR-AtMCL _eAACR2 |
||
| 245 | 1 | _aScience and the Future of Man | |
| 260 |
_bThe MIT Press, _c1970 |
||
| 300 | _a202 | ||
| 520 | _aThe book is organized into three sections, reflecting the organization of the symposium. Preface, Science and the Problems of Society, The University Scientist and Society, Scientists in the Courtroom, Urban Problems and Technology, The Government and Science, Discussion Session, The Scientist and Society, Rethinking Scientific Objectives, Science and the University Crisis, Problems and Responsibilities, Why Basic Research?, The Integration of Science, Discussion Session, Confrontation, Science and the Revolution in the Third World, Crisis of Man and His Environment, Remarks, Discussion Session, Name and Subject Index. | ||
| 700 | 1 |
_aCarovillano Robert L _96218 |
|
| 700 | 1 |
_aSkehan James W _96219 |
|
| 942 | _cBK | ||
| 999 |
_c5305 _d5305 |
||